000 00576nam a2200169Ia 4500
008 090711s9999 xx 000 0 und d
082 _b171
100 _aराजवाडे राजा
245 _aर्खुSाी बहाद्दर
260 _bएस.के. पब्लिशिंग हाऊस
_c1998
300 _a186
600 _aराजवाडे राजा
630 _aर्खुSाी बहाद्दर
700 _aराजवाडे राजा
730 _aर्खुSाी बहाद्दर
942 _cBOOK
999 _c328362
_d328362